[Event "Copenhagen Whitsun op"]
[Site "Copenhagen"]
[Date "2014.06.05"]
[Round "1"]
[White "Jorgensen, Rasmus"]
[Black "Nielsen, Brian"]
[Result "1-0"]
[WhiteElo "2085"]
[BlackElo "2023"]
[PlyCount "115"]
[EventDate "2014.06.03"]
[EventType "swiss"]
[EventRounds "9"]
[EventCountry "DEN"]
[SourceTitle "EXT 2015"]
[Source "ChessBase"]
[SourceDate "2014.11.20"]
[SourceVersion "1"]
[SourceVersionDate "2014.11.20"]
[SourceQuality "1"]

1. e4 d6 2. d4 Nf6 3. Nc3 g6 4. f4 Bg7 5. Nf3 0-0 6. Be3 c6 7. h3 b5 8. Bd3 Bb7 9. e5 dxe5 10. fxe5 Nd5 11. Nxd5 Qxd5 12. Qe2 Nd7 13. c4 bxc4 14. Bxc4 Qa5+ 15. Bd2 Qc7 16. 0-0 Nb6 17. Bb3 a5 18. Ng5 Nd5 19. Qg4 Ba6 20. Rf2 h6 21. Nxf7 Rxf7 22. Qe6 Raf8 23. Rxf7 Rxf7 24. Bxd5 cxd5 25. Qxa6 Kh7 26. Rc1 Qb8 27. b3 Qf8 28. Qe6 g5 29. Qxd5 Rf2 30. Qe4+ Kh8 31. Qe3 Rf4 32. Bxa5 Qf5 33. Bb6 g4 34. hxg4 Rxg4 35. Rf1 Qg6 36. Qf3 h5 37. Bc5 h4 38. Bxe7 Kh7 39. Bf6 Rg3 40. Qb7 Qd3 41. Bxg7 Qxd4+ 42. Kh1 Rxg7 43. Qc8 Qd2 44. Qf5+ Kh8 45. Qf8+ Kh7 46. Qf3 Qxa2 47. Rd1 Qa5 48. Qh5+ Kg8 49. Qe8+ Kh7 50. Rc1 Qa6 51. Qh5+ Kg8 52. Qf5 Rg6 53. Rc8+ Kh7 54. Qh5+ Kg7 55. Rc7+ Kf8 56. Qf5+ Kg8 57. Qf7+ Kh8 58. Qh7# 1-0

[Event "Copenhagen Cand op"]
[Site "Copenhagen"]
[Date "2013.04.28"]
[Round "9"]
[White "Petrovski, Petruli"]
[Black "Nielsen, Brian"]
[Result "1-0"]
[WhiteElo "1858"]
[BlackElo "2022"]
[PlyCount "145"]
[EventDate "2013.04.24"]
[EventType "swiss"]
[EventRounds "9"]
[EventCountry "DEN"]
[SourceTitle "EXT 2015"]
[Source "ChessBase"]
[SourceDate "2014.11.20"]
[SourceVersion "1"]
[SourceVersionDate "2014.11.20"]
[SourceQuality "1"]

1. Nf3 g6 2. e4 Bg7 3. d4 d6 4. Nc3 Nf6 5. h3 0-0 6. Be3 a6 7. Bd3 b5 8. Qd2 Bb7 9. a3 Nbd7 10. 0-0 c5 11. d5 Qc7 12. Bh6 c4 13. Bxg7 Kxg7 14. Be2 Nc5 15. Qd4 e5 16. Qe3 Bc8 17. Nh2 Qe7 18. Ng4 Bxg4 19. hxg4 h6 20. g3 Qd7 21. f3 Rac8 22. Kg2 Rh8 23. Rh1 a5 24. Raf1 b4 25. axb4 axb4 26. Nd1 Qa4 27. Qd2 Qa5 28. Ne3 c3 29. bxc3 bxc3 30. Qc1 Na4 31. Rh3 Qb4 32. Rfh1 Ng8 33. g5 h5 34. g4 h4 35. Rxh4 Ne7 36. R1h2 Rxh4 37. Rxh4 Qd4 38. Qh1 Qd2 39. Kf2 Rg8 40. Rh7+ Kf8 41. Qa1 Qd4 42. Qa3 Nc8 43. Qb3 Nab6 44. Qb5 Qa4 45. Qb1 Rg7 46. Bb5 Qd4 47. Rh8+ Rg8 48. Qh1 Qd2+ 49. Be2 Ne7 50. Qh6+ Ke8 51. Qg7 Rxh8 52. Qxh8+ Kd7 53. Qf8 Nbc8 54. Qxf7 Kc7 55. Qe6 Qd4 56. Qf7 Kd8 57. Qf8+ Kc7 58. Qe8 Kb6 59. Qb5+ Kc7 60. Qa5+ Nb6 61. Qa7+ Kd8 62. Qb8+ Nec8 63. Qb7 Nd7 64. Qa8 Ndb6 65. Qa6 Kc7 66. Qd3 Na7 67. Qxd4 exd4 68. Nc4 Na4 69. Na3 Nc5 70. Bd3 Nxd3+ 71. cxd3 Kb6 72. Ke2 Nc8 73. f4 1-0

[Event "Copenhagen Cand op"]
[Site "Copenhagen"]
[Date "2013.04.25"]
[Round "3"]
[White "Nielsen, Brian"]
[Black "Andersen, Daniel"]
[Result "1-0"]
[WhiteElo "2022"]
[BlackElo "1935"]
[PlyCount "43"]
[EventDate "2013.04.24"]
[EventType "swiss"]
[EventRounds "9"]
[EventCountry "DEN"]
[SourceTitle "EXT 2015"]
[Source "ChessBase"]
[SourceDate "2014.11.20"]
[SourceVersion "1"]
[SourceVersionDate "2014.11.20"]
[SourceQuality "1"]

1. d4 Nf6 2. c4 g6 3. g3 c6 4. Nf3 Bg7 5. Bg2 0-0 6. 0-0 d5 7. b3 dxc4 8. bxc4 c5 9. Bb2 cxd4 10. Nxd4 Qc7 11. Qb3 a6 12. Nc3 Nc6 13. Nxc6 bxc6 14. Qc2 Be6 15. Na4 Rab8 16. Ba3 Ng4 17. Rab1 Ne5 18. Nc5 Nxc4 19. Nxe6 Nxa3 20. Nxc7 Nxc2 21. Nxa6 Nd4 22. Rxb8 1-0

[Event "Odense Andersen op"]
[Site "Odense"]
[Date "2012.05.20"]
[Round "8"]
[White "Christiansen, Jens Jorgen"]
[Black "Nielsen, Brian"]
[Result "0-1"]
[WhiteElo "2151"]
[BlackElo "1998"]
[PlyCount "48"]
[EventDate "2012.05.16"]
[EventType "swiss"]
[EventRounds "9"]
[EventCountry "DEN"]
[SourceTitle "CBM 148 Extra"]
[Source "ChessBase"]
[SourceDate "2012.06.22"]
[SourceVersion "1"]
[SourceVersionDate "2012.06.22"]
[SourceQuality "1"]

1. d4 Nf6 2. c4 g6 3. Nc3 Bg7 4. e4 d6 5. Bd3 0-0 6. Nge2 Nc6 7. 0-0 e5 8. d5 Ne7 9. Rb1 Nh5 10. b4 f5 11. exf5 gxf5 12. f4 exf4 13. Nb5 Ng6 14. Nbd4 Bd7 15. c5 Qf6 16. Bb2 Qg5 17. Nf3 Qe7 18. Bxg7 Qxg7 19. Qd2 Rae8 20. Ned4 Nh4 21. Rbe1 Re3 22. Bc2 Nxf3+ 23. Nxf3 Rfe8 24. Qd4 Qxd4 0-1

[Event "Odense Andersen op"]
[Site "Odense"]
[Date "2012.05.17"]
[Round "2"]
[White "Becker, Martin"]
[Black "Nielsen, Brian"]
[Result "1/2-1/2"]
[WhiteElo "2365"]
[BlackElo "1998"]
[PlyCount "79"]
[EventDate "2012.05.16"]
[EventType "swiss"]
[EventRounds "9"]
[EventCountry "DEN"]
[SourceTitle "CBM 148 Extra"]
[Source "ChessBase"]
[SourceDate "2012.06.22"]
[SourceVersion "1"]
[SourceVersionDate "2012.06.22"]
[SourceQuality "1"]

1. c4 g6 2. g3 Bg7 3. Bg2 e5 4. Nc3 f5 5. d3 Nf6 6. Nf3 Nc6 7. 0-0 0-0 8. Rb1 d6 9. b4 h6 10. b5 Ne7 11. Nd2 Rb8 12. a4 Be6 13. Ba3 Qd7 14. Qc2 f4 15. Nce4 b6 16. Nxf6+ Rxf6 17. Ne4 Rf7 18. Nc3 fxg3 19. fxg3 Rbf8 20. e4 h5 21. Rxf7 Rxf7 22. Bc1 Kh7 23. Bg5 Ng8 24. Nd5 Bh6 25. Qd2 Bxd5 26. cxd5 Qg4 27. Bxh6 Nxh6 28. Rf1 Kg7 29. Rxf7+ Nxf7 30. Qc2 Qd7 31. Qc1 Nd8 32. Qf1 Nb7 33. Bh3 Qf7 34. Qd1 Qf6 35. Bf1 Nc5 36. Be2 Qg5 37. Kf2 h4 38. Bf3 hxg3+ 39. hxg3 Qh6 40. Bg2 1/2-1/2

[Event "Odense Andersen op"]
[Site "Odense"]
[Date "2012.05.16"]
[Round "1"]
[White "Nielsen, Brian"]
[Black "Smith, Axel"]
[Result "0-1"]
[WhiteElo "1998"]
[BlackElo "2483"]
[PlyCount "52"]
[EventDate "2012.05.16"]
[EventType "swiss"]
[EventRounds "9"]
[EventCountry "DEN"]
[SourceTitle "CBM 148 Extra"]
[Source "ChessBase"]
[SourceDate "2012.06.22"]
[SourceVersion "1"]
[SourceVersionDate "2012.06.22"]
[SourceQuality "1"]

1. d4 Nf6 2. Nf3 g6 3. g3 Bg7 4. Bg2 0-0 5. 0-0 d6 6. c4 Nbd7 7. Nc3 c6 8. e4 e5 9. d5 Nc5 10. Qe2 cxd5 11. cxd5 Bd7 12. b4 Na4 13. Nxa4 Bxa4 14. Bd2 Qb6 15. Rfc1 Rfc8 16. a3 Bb5 17. Qe1 Qa6 18. Qe3 Ng4 19. Qb3 Ba4 20. Qb2 Qe2 21. Bc3 Qxb2 22. Bxb2 Bh6 23. Re1 Rc2 24. Bc1 Bxc1 25. Raxc1 Rac8 26. Rxc2 Rxc2 0-1